According to Netflix: TV Dramas Quiz Stats

Quiz Updated Mar 11, 2016

Challenge
Share
Tweet
Embed
Score 0/30 Timer 08:00
6 Plays Today
% Correct
Orange Is the New Black
92.1%
Army Wives
89.7%
House, M.D.
88.7%
Queer as Folk
87.9%
Mad Men
86%
Bates Motel
85.5%
Friday Night Lights
85.2%
House of Cards
83.6%
The West Wing
81.6%
Grey's Anatomy
81.2%
Reign
81.2%
The L Word
80.9%
Scandal
79%
Revenge
78.4%
Private Practice
77.2%
% Correct
Hart of Dixie
74.4%
Pretty Little Liars
74.1%
Hatfields & McCoys
72.4%
The Secret Life of the American Teenager
72.3%
Californication
71.7%
Gossip Girl
71.6%
Parenthood
71.3%
Rescue Me
67.3%
Saving Grace
63.7%
Boss
61.5%
One Tree Hill
59.2%
Heartland
56.5%
Ringer
53.7%
90210
49.7%
Halt and Catch Fire
46%

You're not logged in!

Compare scores with friends on all Sporcle quizzes.
Sign Up with Email
OR
Log In

You Might Also Like...

Show Comments

Extras

Top Quizzes Today


Score Distribution

Your Account Isn't Verified!

In order to create a playlist on Sporcle, you need to verify the email address you used during registration. Go to your Sporcle Settings to finish the process.